| 000 | 00318nam a22001217a 4500 | ||
|---|---|---|---|
| 020 | _a9789351111313 | ||
| 082 |
_a631.584 _bKHA/PE |
||
| 100 |
_aKhan Sultan Ahmed _91116 |
||
| 245 | _aProspective on Urban Agriculture and Organic Farming | ||
| 260 |
_aNew Delhi _bRandom Publications _c2013 |
||
| 300 | _a272 | ||
| 942 | _cBK | ||
| 999 |
_c14637 _d14637 |
||